000
00332nam a2200145Ia 4500
003
OSt
005
20240301163037.0
008
170524s9999 xx 000 0 und d
020
_a
978-8173912795
040
_c
iimtu meerut
100
_a
HOUGH- GEORGE A
245
0
_a
NEWS WRITING
260
_b
NEW DELHI: KANISHKA
942
_2
ddc
_c
02
999
_c
9351
_d
9351